Environmental management (Record no. 103204)
[ view plain ]
| 000 -LEADER | |
|---|---|
| fixed length control field | 01013cam a2200217 4500 |
| 001 - CONTROL NUMBER | |
| control field | J124333 |
| 008 - FIXED-LENGTH DATA ELEMENTS--GENERAL INFORMATION | |
| fixed length control field | 031114n2003 000 0 eng u |
| 035 ## - SYSTEM CONTROL NUMBER | |
| System control number | (Sirsi) u124333 |
| 041 ## - LANGUAGE CODE | |
| Language code of text/sound track or separate title | eng |
| 050 ## - LIBRARY OF CONGRESS CALL NUMBER | |
| Classification number | 333.72 |
| -- | 18 |
| 110 ## - MAIN ENTRY--CORPORATE NAME | |
| Corporate name or jurisdiction name as entry element | British Standards Institution |
| 9 (RLIN) | 130 |
| 245 ## - TITLE STATEMENT | |
| Title | Environmental management |
| Remainder of title | a quick guide to ISO 14001 |
| 260 ## - PUBLICATION, DISTRIBUTION, ETC. | |
| Place of publication, distribution, etc. | London |
| Name of publisher, distributor, etc. | BSI |
| Date of publication, distribution, etc. | 2003 |
| 520 ## - SUMMARY, ETC. | |
| Summary, etc. | This guide provides a basic introduction to the concept of environmental management systems and ISO 14001 "Environmental management systems: specification with guidance for use". |
| 520 ## - SUMMARY, ETC. | |
| Summary, etc. | Available to download free of charge at http://emea.bsi-global.com. Users need to register first. |
| 650 ## - SUBJECT ADDED ENTRY--TOPICAL TERM | |
| Topical term or geographic name entry element | ENVIRONMENTAL MANAGEMENT SYSTEMS |
| 650 ## - SUBJECT ADDED ENTRY--TOPICAL TERM | |
| Topical term or geographic name entry element | ISO 14001: 1996 |
| 690 ## - LOCAL SUBJECT ADDED ENTRY--TOPICAL TERM (OCLC, RLIN) | |
| Topical term or geographic name as entry element | ENVIRONMENTAL AND LAND CONSULTANCY-ENVIRONMENTAL MANAGEMENT |
| 856 ## - ELECTRONIC LOCATION AND ACCESS | |
| Uniform Resource Identifier | <a href="https://emea.bsi-global.com/Environment/EMSQuickGuide/index.xalter">https://emea.bsi-global.com/Environment/EMSQuickGuide/index.xalter</a> |
| Public note | View "Environmental management: a quick guide to ISO 14001" on the BSI website... |
| 942 ## - ADDED ENTRY ELEMENTS (KOHA) | |
| Suppress in OPAC | 0 |
| Withdrawn status | Lost status | Source of classification or shelving scheme | Damaged status | Not for loan | Home library | Current library | Shelving location | Date acquired | Total Checkouts | Full call number | Barcode | Date last seen | Copy number | Price effective from | Koha item type |
|---|---|---|---|---|---|---|---|---|---|---|---|---|---|---|---|
| Dewey Decimal Classification | Virtual | Virtual | Online | 14/11/2003 | ONLINE PUBLICATION | 124333-2001 | 06/08/2019 | 1 | 06/08/2019 | Book |